| 000 | 00469nam a2200169Ia 4500 | ||
|---|---|---|---|
| 999 |
_c19914 _d19914 |
||
| 003 | OSt | ||
| 005 | 20200612124954.0 | ||
| 008 | 190216s9999||||xx |||||||||||||| ||und|| | ||
| 020 | _a0192875825 | ||
| 040 | _coclc | ||
| 082 |
_a185 _bBAR/A |
||
| 100 |
_a Barnes, Jonathan _92841 |
||
| 245 | 0 |
_aAristotle / _cJonathan Barnes |
|
| 260 |
_bOxford University Press, _c1982. _aNew York: |
||
| 300 | _a101p | ||
| 942 |
_cBK _2ddc _h185 _iBAR/A _k185 _mBAR/A |
||